[Event "XVIII Najdorf Open 2018"]
[Site "Warsaw"]
[Date "2018.07.09"]
[Round "2"]
[White "Aravindh, chithambaram Vr."]
[Black "Paszewski, Mateusz"]
[Result "1-0"]
[WhiteElo "2580"]
[BlackElo "2293"]
[Annotator "RC"]
[PlyCount "109"]
[EventDate "2018.07.08"]
[EventCountry "POL"]
[SourceTitle "playchess.com"]
[Source "ChessBase"]
[SourceQuality "1"]

1. e4 c6 2. d4 d5 3. e5 Bf5 4. Nf3 e6 5. Be2 Ne7 6. O-O Ng6 7. Ne1 h5 8. Be3 Nd7 9. f4 Qb6 10. b3 c5 11. Nc3 cxd4 12. Na4 Qa5 13. Bxd4 h4 14. c3 Rc8 15. b4 Qc7 16. Bb5 b6 17. Nb2 Ne7 18. c4 Be4 19. Rc1 Nf5 20. Ba6 Nxd4 21. Bxc8 Qxc8 22. Qxd4 Bxb4 23. Ned3 Bc5 24. Nxc5 Qxc5 25. Rfd1 Qxd4+ 26. Rxd4 Nc5 27. Rc3 Kd7 28. Nd1 Kc6 29. Nf2 Bf5 30. cxd5+ exd5 31. g4 hxg3 32. hxg3 g6 33. Kg2 a5 34. g4 Be6 35. Rf3 Rg8 36. Kh3 Rh8+ 37. Kg3 Rg8 38. Kh4 Bc8 39. f5 gxf5 40. gxf5 Ba6 41. Rg3 Rh8+ 42. Kg5 Bc8 43. Rh3 Rg8+ 44. Kf4 Rg2 45. Rh6+ Kb5 46. Nd1 Ka6 47. Rxd5 Ka7 48. a3 Ra2 49. Rd8 Bd7 50. Rh7 Rd2 51. Rxf7 Rxd1 52. e6 Ka6 53. Rfxd7 Nxd7 54. Rxd7 Rf1+ 55. Kg5 {Ka7} 1-0

[Event "XVIII Najdorf Open 2018"]
[Site "Warsaw"]
[Date "2018.07.09"]
[Round "2"]
[White "Heberla, Bartlomiej"]
[Black "Dwilewicz, Katarzyna"]
[Result "1-0"]
[WhiteElo "2563"]
[BlackElo "2009"]
[Annotator "TA"]
[PlyCount "67"]
[EventDate "2018.07.08"]
[EventCountry "POL"]
[SourceTitle "playchess.com"]
[Source "ChessBase"]
[SourceQuality "1"]

{[%evp 12,67,75,87,79,72,75,75,67,69,88,77,77,56,45,14,87,80,108,103,102,112,120,129,151,171,146,113,247,130,299,304,342,352,415,411,342,144,146,146,145,146,135,127,129,117,393,239,241,224,219,143,242,166,439,460,29992,29993]} 1. Nc3 c5 2. e4 e6 3. Nf3 {[%cal Bg1f3,Bf3d4,Bd4b5][%mdl 32]} Nc6 4. d4 cxd4 5. Nxd4 Qc7 6. f4 Bb4 {B47: Sicilian: Taimanov: 5 Nc3 Qc7 6 f4, 6 g3 and 6 Be2} (6... Nxd4 7. Qxd4 a6 8. a4 b6 9. Be3 Rb8 10. Be2 Ne7 11. O-O Nc6 12. Qc4 Bc5 13. Bxc5 Na5 14. Qd3 bxc5 15. e5 Bb7 {½-½ (36) Shankland,S (2668)-Bruzon Batista,L (2673) Saint Louis 2018}) 7. Ndb5 {LiveBook: 3 Games} Qb8 8. a3 Be7 {White is better.} 9. e5 {[%cal Be4e5,Be5d6][%mdl 32]} a6 10. Nd6+ Bxd6 $1 11. exd6 $146 ({Predecessor:} 11. Qxd6 Qxd6 12. exd6 Nf6 13. Be3 b5 14. Be2 {0-1 (34) Wolkow,M (1566)-Mueller,A (1807) Willingen 2008}) 11... Nf6 12. Be3 b5 13. g4 {[%cal Bg2g4,Bg4g5][%mdl 32] White wants to play Bg2.} O-O (13... b4 $11 14. axb4 Nxb4) 14. g5 $16 Nd5 15. Nxd5 exd5 16. Qxd5 Re8 17. Qd2 Bb7 18. Rg1 $1 b4 19. Kf2 ({And not} 19. axb4 Nxb4 20. Rg3 (20. Qxb4 Qa7 $17) 20... Be4 $15) 19... Qc8 (19... a5 $16 20. Kg3 bxa3) 20. Rg3 (20. axb4 $18 Nd8 21. Ra5) 20... Na5 $2 {[#]} (20... a5 $16 21. Kg1 g6) 21. b3 $1 $18 (21. axb4 Nc4 $14) 21... Be4 22. axb4 Nb7 23. c4 a5 24. Qd4 (24. bxa5 $18 {has better winning chances.} Qc6 25. b4 Nxd6 26. b5) 24... axb4 $16 {...Rxa1 would now be nice for Black.} 25. Rxa8 Qxa8 26. Bc1 Nd8 {[#]} 27. Re3 $1 {Bb2 is the strong threat.} Nc6 28. Qd2 {Strongly threatening Bh3.} Bh1 $2 {[%mdl 8192]} (28... Qa7 $16 {might work better.}) 29. Bb2 Kf8 30. Bh3 $40 {[%mdl 128] White wants a kill.} Qa7 31. Bc1 Re4 (31... Be4 $16 32. Kg3 h6) 32. Kg3 Qd4 $2 (32... g6 33. Qe1 Qd4) 33. Bxd7 $18 Na5 (33... Qa7 $18 34. Bf5 Rxe3+ 35. Qxe3 g6) 34. Qxd4 {Precision: White = 62%, Black = 24%.} 1-0

[Event "XVIII Najdorf Open 2018"]
[Site "Warsaw"]
[Date "2018.07.09"]
[Round "2"]
[White "Smirnov, Anton"]
[Black "Lukasiewicz, Krzysztof"]
[Result "1-0"]
[WhiteElo "2523"]
[BlackElo "2247"]
[Annotator "TA"]
[PlyCount "77"]
[EventDate "2018.07.08"]
[EventCountry "POL"]
[SourceTitle "playchess.com"]
[Source "ChessBase"]
[SourceQuality "1"]

{[%evp 22,77,4,19,56,73,152,154,155,132,172,177,300,293,298,302,270,296,334,334,334,327,321,300,367,354,335,351,335,347,349,331,322,334,360,355,374,348,346,342,520,512,597,589,591,594,579,572,594,495,748,735,975,959,1303,1301,1192,1198]} 1. d4 d5 2. c4 e6 3. Nc3 Nf6 4. Nf3 Be7 5. Bf4 O-O 6. e3 Nbd7 7. Be2 dxc4 {D37: Queen's Gambit Declined: 5 Bf4} 8. O-O a6 9. a4 c5 10. d5 exd5 11. Nxd5 Nxd5 12. Qxd5 {LiveBook: 10 Games} Qa5 $146 ({Predecessor:} 12... Nf6 13. Qe5 Be6 14. Ng5 Bd7 15. Bxc4 {½-½ (31) Gelfand,B (2724)-Oparin,G (2604) Zuerich 2017}) 13. Qe4 Re8 (13... Bf6 $142) 14. Bxc4 $16 {Black must now prevent Ng5.} Qd8 15. Rad1 Bf6 16. Qf5 $40 {[%mdl 128] White wants a kill.} Ne5 (16... Rf8 $142 17. b3 Qe8) 17. Qxe5 $1 $18 ({Weaker is} 17. Rxd8 Nxf3+ 18. gxf3 Bxf5 $11) 17... Bxe5 18. Rxd8 Rxd8 19. Bxe5 (19. Nxe5 $6 Be6 $18) 19... Be6 20. Bxe6 fxe6 21. a5 Rd3 22. g3 h6 23. Rc1 Rf8 24. Kg2 Rd5 25. e4 Rd3 26. Bf4 Rb3 27. Rc2 ({Don't play} 27. Rxc5 Rxb2 28. Bd6 Rf7 $18) 27... Rb5 28. Bd2 Rd8 29. Bc3 Rd1 30. Ne5 Rb3 (30... b6 $142 31. axb6 Rxb6) 31. Nc4 {White is clearly winning.} Kf7 32. Rd2 Rxd2 33. Nxd2 Rb5 34. Nc4 Rb3 35. Kf1 Kg6 (35... Ke8 $142 36. Bxg7 Rb4) 36. Ke2 h5 37. Kd1 h4 38. Kc2 Rb5 39. Nd6 {Precision: White = 97%, Black = 33%.} 1-0

[Event "XVIII Najdorf Open 2018"]
[Site "Warsaw"]
[Date "2018.07.09"]
[Round "2"]
[White "Kanarek, Marcel"]
[Black "Bronowicki, Mateusz"]
[Result "1-0"]
[WhiteElo "2508"]
[BlackElo "2288"]
[Annotator "TA"]
[PlyCount "81"]
[EventDate "2018.07.08"]
[EventCountry "POL"]
[SourceTitle "playchess.com"]
[Source "ChessBase"]
[SourceQuality "1"]

{[%evp 21,81,47,52,29,47,37,35,30,38,23,20,11,33,27,41,16,25,32,32,32,32,31,28,22,23,3,11,0,15,0,51,71,125,126,116,123,122,124,110,96,272,304,244,152,29990,29991,29991,29975,29973,29974,29973,29967,29962,0,0,0,8726,5739,29982,29980,29994,29995]} 1. e4 e6 2. d4 d5 3. Nd2 Nf6 4. e5 Nfd7 5. f4 c5 6. c3 Nc6 7. Ndf3 f5 8. Bd3 cxd4 9. cxd4 Nb6 {C05: Französische Verteidigung (Tarrasch-Variante)} (9... Be7 10. Ne2 Nb6 11. Nc3 Bd7 12. O-O O-O 13. Be3 Be8 14. Nd2 Rc8 15. Rc1 Nb4 16. Be2 Nc4 17. Nxc4 dxc4 18. b3 b5 19. a4 a6 20. axb5 axb5 21. bxc4 bxc4 22. Qd2 Nd5 23. Nxd5 {½-½ (23) Lupulescu,C (2599)-Bartel,M (2609) Germany 2010}) 10. Ne2 a5 11. O-O Be7 {LiveBook: 7 Partien. Weiß steht etwas besser.} 12. Kh1 a4 $146 ({Vorgänger:} 12... Bd7 13. Nc3 a4 14. Rg1 O-O 15. Rb1 Nb4 {1-0 (98) Jelica,M (2234)-Hoolt,S (2286) Porto Carras 2011}) 13. a3 Na5 14. Rb1 Nb3 15. Be3 Bd7 16. Nc1 Nxc1 17. Rxc1 O-O 18. Rg1 Rc8 19. Rxc8 Qxc8 20. g4 Nc4 21. Bc1 b5 22. Qc2 Qe8 23. Qg2 {Droht stark gxf5.} Qf7 24. h4 Kh8 25. Qh3 g6 (25... h6 $11) 26. h5 $14 fxg4 ({Besser ist} 26... gxh5 27. gxf5 exf5) 27. Rxg4 $16 gxh5 {[#]} 28. Ng5 $1 {[%cal Rg5f7]} Bxg5 29. Rxg5 Be8 30. f5 {Schwarz muss nun Tg2 beachten.} exf5 $2 (30... Rg8 $16 {war nötig.}) 31. Rxf5 $18 Qg7 32. Bg5 $40 {[%mdl 128] Weiss hat starken Angriff.} Bd7 $2 {[#]} (32... Rxf5 $16 33. Qxf5 Bd7) 33. Rxf8+ Qxf8 34. Qxd7 {[%csl Gd3][%cal Rd7h7]} Qf3+ 35. Kh2 {[%csl Gd3][%cal Rd7h7]} Qf2+ 36. Kh3 {[%csl Gd3][%cal Rd7h7]} Qf3+ 37. Kh2 (37. Kh4 $142 Qh1+ 38. Qh3 Qxh3+ 39. Kxh3 Kg8 40. e6 Nd6 41. Bh6 Kh8 42. Kh4) 37... Qf2+ 38. Kh3 {[%csl Gd3][%cal Rd7h7]} Qf3+ 39. Kh4 {[%csl Gd3][%cal Rd7h7]} Qf2+ 40. Kxh5 {[%csl Gd3][%cal Rd7h7]} Qh2+ 41. Bh4 {Precision: Weiß = 59%, Schwarz = 41%.} 1-0

[Event "XVIII Najdorf Open 2018"]
[Site "Warsaw"]
[Date "2018.07.09"]
[Round "2"]
[White "Wieczorek, Oskar"]
[Black "Dzierzak, Radoslaw"]
[Result "1-0"]
[WhiteElo "2470"]
[BlackElo "2244"]
[Annotator "TA"]
[PlyCount "109"]
[EventDate "2018.07.08"]
[EventCountry "POL"]
[SourceTitle "playchess.com"]
[Source "ChessBase"]
[SourceQuality "1"]

{[%evp 11,109,36,43,31,87,28,65,17,3,-7,0,-10,45,28,59,63,64,52,68,80,110,71,82,66,329,360,313,58,57,56,61,65,59,61,85,79,102,96,109,89,98,79,84,40,32,42,66,31,36,40,48,32,65,65,158,107,138,157,157,150,100,114,169,179,289,281,290,289,290,284,265,215,494,494,494,494,494,494,494,494,494,487,487,487,487,487,487,487,480,454,432,417,982,982,920,752,982,664,646,632]} 1. e4 c6 2. d4 d5 3. e5 c5 4. dxc5 Nc6 5. f4 (5. a3 Nxe5 6. b4 Nf6 7. Bb2 Nc6 8. Nf3 g6 9. Nc3 d4 10. Nb5 e5 11. Qe2 Bg4 12. O-O-O Bh6+ {1-0 (48) Nepomniachtchi,I (2751)-Navara,D (2737) Saint Louis 2017}) 5... e6 6. Be3 {B12: Caro-Kann: Advance Variation} Nh6 {[%cal Bg8h6,Bh6f5,Bf5e3][%mdl 32] LiveBook: 12 Games} 7. Nd2 $146 ({Predecessor:} 7. c3 Be7 8. Nf3 f6 9. exf6 Bxf6 10. Bd3 O-O 11. O-O Ng4 12. Bd4 Nxd4 13. cxd4 {1-0 (33) Saric,I (2621)-Kucuksari,K (2301) Helsingor 2017}) 7... g5 (7... Qa5 $14) 8. fxg5 (8. Bd3 $1 $16) 8... Nf5 $11 9. Bf4 Bxc5 {And now ...Be3 would win.} 10. Bd3 Qb6 11. Ngf3 $1 Bf2+ (11... Qxb2 $11 12. Bxf5 exf5) 12. Ke2 $1 $14 Ne3 13. Qc1 $1 Nxg2 14. Nb3 Bd7 15. Rf1 Bc5 16. Nxc5 Qxc5 17. Bg3 Nd4+ $2 {[%mdl 8192]} ({Better is} 17... d4 $1 $14) 18. Nxd4 $18 Qxd4 19. c3 $2 (19. h3 $18) 19... Qg4+ $14 20. Kf2 Nh4 21. Qf4 Qxf4+ 22. Bxf4 Rd8 23. Kg3 Ng6 24. h4 h5 25. gxh6 {Black must now prevent Bxg6.} Nxf4 26. Rxf4 ({Reject} 26. Kxf4 Rxh6 27. Kg5 Rh8 $14) 26... Rxh6 27. Raf1 f5 28. exf6 {Rb4 is the strong threat.} Kf7 29. Rg4 {Threatens to win with Rg7+.} (29. Rb4 {is more complex.} Bc6 30. Rg4 Rxf6 31. Rxf6+ Kxf6 32. h5) 29... Rxf6 30. Rxf6+ Kxf6 {[%mdl 4096] Endgame KRB-KRB} 31. Rg6+ Ke7 32. Kf4 Rh8 (32... Be8 $1 $14) 33. Kg5 ({White should try} 33. Rg7+ Kd6 34. Kg3) 33... e5 34. Rg7+ Kd6 35. h5 $1 e4 36. Be2 Be6 {[#]} (36... a6 $16) 37. h6 $1 $18 Ke5 (37... b6 $142 38. Rxa7 Bd7) 38. Rxb7 a5 39. Re7 {Strongly threatening Bg4.} Rg8+ 40. Rg7 Rh8 41. Bh5 d4 $2 (41... e3 {was worth a try.} 42. Be2 a4) 42. cxd4+ Kxd4 43. Re7 Bxa2 {[#]} 44. Bg6 $1 Bd5 45. h7 Bg8 {intending ...Bxh7.} 46. Rxe4+ ({Don't do} 46. hxg8=R Rxg8 47. Rxe4+ Kc5 $18) 46... Kc5 47. hxg8=Q ({Weaker is} 47. Re8 Rxh7 48. Rxg8 Rb7 $18) 47... Rxg8 {KRB-KR} 48. b3 Rb8 49. Rc4+ Kd6 50. Bc2 Rf8 51. Ra4 Rf2 (51... Rg8+ $142 52. Kf4 Ra8) 52. Bd3 {White is clearly winning.} Kc5 53. Rxa5+ Kb4 54. Rb5+ Kc3 55. Bc4 {Precision: White = 66%, Black = 25%.} 1-0

[Event "XVIII Najdorf Open 2018"]
[Site "Warsaw"]
[Date "2018.07.09"]
[Round "2"]
[White "Romanishin, Oleg M"]
[Black "Bharath, Subramaniyam H"]
[Result "1-0"]
[WhiteElo "2440"]
[BlackElo "2231"]
[Annotator "NA"]
[PlyCount "67"]
[EventDate "2018.07.08"]
[EventCountry "POL"]
[SourceTitle "playchess.com"]
[Source "ChessBase"]
[SourceQuality "1"]

1. d4 Nf6 2. Nf3 e6 3. g3 c5 4. Bg2 cxd4 5. Nxd4 d5 6. O-O e5 7. Nb3 Be6 8. Nc3 Nc6 9. Bg5 d4 10. Ne4 Be7 11. Bxf6 gxf6 12. Nec5 Bc8 13. c3 dxc3 14. bxc3 Qb6 15. Qd5 Nd8 16. Rfd1 Qc7 17. Na6 Qb6 18. Qa5 Ne6 19. Qa4+ Kf8 20. Rab1 Kg7 21. Nd2 Qd6 22. Nf1 Nc5 23. Nxc5 Qxc5 24. Bxb7 Rb8 25. Bxc8 Rhxc8 26. Ne3 Qxc3 27. Rxb8 Rxb8 28. Nf5+ Kf8 29. Nxe7 Qb2 30. Nf5 h5 31. Qxa7 Re8 32. Qe3 Kg8 33. Qh6 Qxe2 34. Qg7# 1-0

[Event "XVIII Najdorf Open 2018"]
[Site "Warsaw"]
[Date "2018.07.09"]
[Round "2"]
[White "Ostrovskiy, Andrey"]
[Black "Gurvich, Vitaly"]
[Result "1-0"]
[WhiteElo "2431"]
[BlackElo "2274"]
[Annotator "ChessBase"]
[PlyCount "123"]
[EventDate "2018.07.08"]
[EventCountry "POL"]
[SourceTitle "playchess.com"]
[Source "ChessBase"]
[SourceQuality "1"]

1. e4 c6 2. Nc3 d5 3. Nf3 dxe4 4. Nxe4 Nf6 5. Nxf6+ exf6 6. Bc4 Qe7+ 7. Be2 Qc7 8. O-O Bd6 9. d4 O-O 10. h3 Rd8 11. Bd3 Nd7 12. Re1 Nf8 13. c3 Be6 14. Be3 Ng6 15. Qc2 Qd7 16. Bf1 Bf5 17. Qa4 a6 18. Qd1 Bc7 19. Nd2 Re8 20. a4 Rad8 21. a5 Nf4 22. Bxf4 Rxe1 23. Qxe1 Bxf4 24. b4 Re8 25. Qd1 Bb8 26. Nb3 Qd6 27. g3 Re3 28. Bg2 Rxc3 29. Nc5 Rc4 30. Qe1 Be6 31. Rd1 g6 32. Bf1 Rc2 33. Nxb7 Qd5 34. Nc5 Bd6 35. Bg2 Qa2 36. Bf1 Bd5 37. Bd3 Rb2 38. Ra1 Rxf2 39. Rxa2 Rxa2 40. Qe8+ Kg7 41. Ne4 Bxe4 42. Bxe4 Bxb4 43. Bxc6 Rxa5 44. Qd7 Ra1+ 45. Kg2 Re1 46. g4 Re7 47. Qd8 a5 48. Kf3 Re1 49. Qc7 Re7 50. Qb8 Re6 51. d5 Rd6 52. Qc7 Kf8 53. h4 h6 54. Kg2 g5 55. h5 f5 56. gxf5 Rf6 57. Bd7 Bd6 58. Qd8+ Kg7 59. Be6 Bc5 60. d6 fxe6 61. Qe7+ Rf7 62. f6+ 1-0

[Event "XVIII Najdorf Open 2018"]
[Site "Warsaw"]
[Date "2018.07.09"]
[Round "2"]
[White "Rakesh, Kumar Jena"]
[Black "Godzwon, Iwo"]
[Result "1-0"]
[WhiteElo "2385"]
[BlackElo "2218"]
[Annotator "NA"]
[PlyCount "57"]
[EventDate "2018.07.08"]
[EventCountry "POL"]
[SourceTitle "playchess.com"]
[Source "ChessBase"]
[SourceQuality "1"]

1. e4 c5 2. Nf3 d6 3. c3 Nd7 4. d4 e6 5. Bd3 Qc7 6. O-O Ngf6 7. Re1 Be7 8. e5 dxe5 9. dxe5 Nd5 10. Qa4 O-O 11. Bg5 f5 12. exf6 N7xf6 13. Nbd2 h6 14. Bxf6 Bxf6 15. Qe4 g5 16. Nc4 Rd8 17. Rad1 Qg7 18. Bc2 Bd7 19. Nd6 g4 20. Nd2 Rab8 21. Nf1 Bh4 22. Rxd5 exd5 23. Qxd5+ Kf8 24. Bb3 Bc8 25. Ng3 Be7 26. Rxe7 Kxe7 27. Ndf5+ Bxf5 28. Nxf5+ Kf6 29. Qe6+ 1-0

[Event "XVIII Najdorf Open 2018"]
[Site "Warsaw"]
[Date "2018.07.09"]
[Round "2"]
[White "Molenda, Marcin"]
[Black "Fus, Jakub"]
[Result "1-0"]
[WhiteElo "2382"]
[BlackElo "2195"]
[Annotator "NA"]
[PlyCount "79"]
[EventDate "2018.07.08"]
[EventCountry "POL"]
[SourceTitle "playchess.com"]
[Source "ChessBase"]
[SourceQuality "1"]

1. d4 Nf6 2. c4 e6 3. g3 Bb4+ 4. Bd2 a5 5. Bg2 O-O 6. e4 d6 7. Ne2 e5 8. O-O Bg4 9. Be3 exd4 10. Bxd4 Nc6 11. Be3 Ne5 12. h3 Be6 13. b3 a4 14. Nbc3 axb3 15. axb3 Rxa1 16. Qxa1 Qa8 17. f4 Nd3 18. Qb1 Nc5 19. Nb5 Qc8 20. Kh2 Re8 21. Nec3 Na6 22. Bd4 c6 23. Nxd6 Bxd6 24. e5 Bf5 25. Qd1 Ng4+ 26. hxg4 Bxg4 27. Qc1 Bf8 28. Ne4 Rd8 29. Bb6 Rd3 30. Qb1 Nb4 31. Ba5 Qd7 32. c5 Rd4 33. Nd6 Bxd6 34. exd6 Na6 35. Bc3 Bf5 36. Qb2 Rd3 37. b4 Qe6 38. Re1 Qh6+ 39. Kg1 Bd7 40. Qe2 1-0

[Event "XVIII Najdorf Open 2018"]
[Site "Warsaw"]
[Date "2018.07.09"]
[Round "2"]
[White "Nurkiewicz, Maciej"]
[Black "Wyczling, Bartosz"]
[Result "1-0"]
[WhiteElo "2368"]
[BlackElo "2262"]
[Annotator "ChessBase"]
[PlyCount "95"]
[EventDate "2018.07.08"]
[EventCountry "POL"]
[SourceTitle "playchess.com"]
[Source "ChessBase"]
[SourceQuality "1"]

1. e4 c5 2. Nf3 g6 3. d4 cxd4 4. Nxd4 Nc6 5. Nc3 Bg7 6. Be3 Nf6 7. Bc4 O-O 8. Bb3 a5 9. O-O a4 10. Nxa4 Nxe4 11. Nb5 Ra6 12. c4 d6 13. Qe2 Nf6 14. Rfd1 Bd7 15. c5 d5 16. Nb6 e6 17. Bf4 Ne8 18. Rac1 Na5 19. Ba4 Bxb5 20. Bxb5 Rxb6 21. cxb6 Qxb6 22. Bxe8 Rxe8 23. Rxd5 Qxb2 24. Re1 Qxe2 25. Rxe2 Nc6 26. Rd7 b5 27. Red2 Bf6 28. Rb7 b4 29. h3 Ra8 30. Rb6 Ne7 31. g4 Bc3 32. Rd7 Nd5 33. Rb8+ Rxb8 34. Bxb8 Kg7 35. Kg2 g5 36. Kf3 Kg6 37. Rb7 h6 38. Bd6 Kf6 39. Ke4 Kg6 40. f3 Kf6 41. Rb5 Kg6 42. Rxd5 exd5+ 43. Kxd5 Kf6 44. Kc4 Ke6 45. Bxb4 Be5 46. a4 Bb8 47. Bc3 f6 48. a5 {Kd5+} 1-0

[Event "XVIII Najdorf Open 2018"]
[Site "Warsaw"]
[Date "2018.07.09"]
[Round "2"]
[White "Lewicki, Miroslaw"]
[Black "Spitzl, Vinzent"]
[Result "0-1"]
[WhiteElo "2361"]
[BlackElo "2241"]
[Annotator "NA"]
[PlyCount "74"]
[EventDate "2018.07.08"]
[EventCountry "POL"]
[SourceTitle "playchess.com"]
[Source "ChessBase"]
[SourceQuality "1"]

1. e4 c5 2. Nf3 d6 3. d4 cxd4 4. Nxd4 Nf6 5. Nc3 a6 6. Be2 e5 7. Nb3 Be7 8. O-O O-O 9. Be3 Be6 10. f4 exf4 11. Bxf4 Nc6 12. Kh1 d5 13. e5 Ne4 14. Nxe4 dxe4 15. Nd2 Qa5 16. Bc4 Bxc4 17. Nxc4 Qc5 18. b3 Rad8 19. Qg4 Nd4 20. Be3 Qc6 21. Bxd4 Rxd4 22. Ne3 Qg6 23. Qe2 f5 24. exf6 Bxf6 25. Nf5 Rd7 26. Rae1 Re8 27. Qc4+ Qf7 28. Rxe4 Qxc4 29. Rxc4 Rd2 30. Ng3 b5 31. Rc6 b4 32. h3 Bc3 33. Ne4 Rxc2 34. Nxc3 bxc3 35. Rxa6 Rd2 36. Ra7 c2 37. Kh2 Rc8 0-1

[Event "XVIII Najdorf Open 2018"]
[Site "Warsaw"]
[Date "2018.07.09"]
[Round "2"]
[White "Niekras, Dawid"]
[Black "Renkowski, Piotr"]
[Result "0-1"]
[WhiteElo "2351"]
[BlackElo "2184"]
[Annotator "NA"]
[PlyCount "80"]
[EventDate "2018.07.08"]
[EventCountry "POL"]
[SourceTitle "playchess.com"]
[Source "ChessBase"]
[SourceQuality "1"]

1. e4 e5 2. Nf3 Nc6 3. Bb5 a6 4. Ba4 Nf6 5. O-O b5 6. Bb3 Bc5 7. c3 d6 8. d4 Bb6 9. Be3 exd4 10. cxd4 Na5 11. Bc2 Bb7 12. Nbd2 O-O 13. Re1 Re8 14. Bg5 h6 15. Bh4 g5 16. Bg3 Nc4 17. Nxc4 bxc4 18. d5 c6 19. Ba4 Rc8 20. Nd4 Rxe4 21. Nf5 cxd5 22. Nxd6 Ba8 23. Nxc8 Qxc8 24. Rxe4 Nxe4 25. Bc2 d4 26. Bxe4 Bxe4 27. f3 Bc2 28. Qe1 d3+ 29. Bf2 Qc7 30. Kf1 Bxf2 31. Qxf2 Qxh2 32. Qe1 Qh1+ 33. Kf2 Qh4+ 34. Kf1 Qd4 35. Qd2 Qxb2 36. Re1 Qd4 37. Re8+ Kg7 38. Qb4 d2 39. Qf8+ Kg6 40. Qg8+ Qg7 0-1

[Event "XVIII Najdorf Open 2018"]
[Site "Warsaw"]
[Date "2018.07.09"]
[Round "2"]
[White "Havelka, Josef"]
[Black "Rozycki, Bartlomiej"]
[Result "1-0"]
[WhiteElo "2349"]
[BlackElo "2152"]
[Annotator "NA"]
[PlyCount "55"]
[EventDate "2018.07.08"]
[EventCountry "POL"]
[SourceTitle "playchess.com"]
[Source "ChessBase"]
[SourceQuality "1"]

1. e4 c6 2. d4 d5 3. e5 Bf5 4. Nf3 e6 5. Be2 Nd7 6. Nbd2 c5 7. c4 Ne7 8. O-O Nc6 9. cxd5 exd5 10. dxc5 Bxc5 11. Nb3 Be4 12. Ng5 Be7 13. e6 Nde5 14. exf7+ Nxf7 15. Ne6 Qd6 16. Nbc5 Bf6 17. Bg4 Ke7 18. Nxb7 Qb4 19. Nbc5 Nce5 20. Bd2 Qb6 21. Bh3 Nd3 22. Nxd3 Bxd3 23. Re1 Be4 24. Be3 Qxb2 25. Bc5+ Nd6 26. Rxe4 dxe4 27. Bxd6+ Kf7 28. Rb1 1-0

[Event "XVIII Najdorf Open 2018"]
[Site "Warsaw"]
[Date "2018.07.09"]
[Round "2"]
[White "Oglaza, Oskar"]
[Black "Thrish, Karthik"]
[Result "1-0"]
[WhiteElo "2344"]
[BlackElo "2145"]
[Annotator "NA"]
[PlyCount "65"]
[EventDate "2018.07.08"]
[EventCountry "POL"]
[SourceTitle "playchess.com"]
[Source "ChessBase"]
[SourceQuality "1"]

1. e4 Nf6 2. e5 Nd5 3. d4 d6 4. c4 Nb6 5. f4 dxe5 6. fxe5 c5 7. d5 e6 8. Nc3 exd5 9. cxd5 c4 10. d6 Nc6 11. Nf3 Bg4 12. Bf4 Qd7 13. Qd2 O-O-O 14. O-O-O Qf5 15. Qe3 Nb4 16. Rd2 Bxd6 17. exd6 Rhe8 18. Ne5 f6 19. d7+ Rxd7 20. Qc5+ Rc7 21. Qxc7+ Kxc7 22. Nb5+ Kc8 23. Nd6+ Kb8 24. Nxf5 fxe5 25. Nd6 Re6 26. Be3 N6d5 27. Bc5 e4 28. Bxc4 e3 29. Rxd5 Nxd5 30. Bxd5 Re5 31. Bxe3 Rxe3 32. Nc4 Rd3 33. Ne5 1-0

[Event "XVIII Najdorf Open 2018"]
[Site "Warsaw"]
[Date "2018.07.09"]
[Round "2"]
[White "Baskin, Robert"]
[Black "Sanz Losada, Victoriano"]
[Result "0-1"]
[WhiteElo "2339"]
[BlackElo "2091"]
[Annotator "NA"]
[PlyCount "50"]
[EventDate "2018.07.08"]
[EventCountry "POL"]
[SourceTitle "playchess.com"]
[Source "ChessBase"]
[SourceQuality "1"]

1. e4 c5 2. Nf3 d6 3. d4 cxd4 4. Nxd4 Nf6 5. Nc3 Nc6 6. Bg5 e6 7. Qd2 Be7 8. O-O-O O-O 9. f4 Nxd4 10. Qxd4 Qa5 11. Be2 Bd7 12. e5 dxe5 13. Qxe5 Qb6 14. f5 Rac8 15. h4 Rc5 16. Qg3 Rfc8 17. Bxf6 Bxf6 18. Rxd7 Bxc3 19. bxc3 Rxc3 20. Bd3 Qc6 21. f6 Rxc2+ 22. Kd1 Rxg2 23. Bxh7+ Kxh7 24. Qd3+ g6 25. Rxf7+ Kh8 0-1

[Event "XVIII Najdorf Open 2018"]
[Site "Warsaw"]
[Date "2018.07.09"]
[Round "2"]
[White "Hassan, Abdullah"]
[Black "Smieszek, Wojciech"]
[Result "1/2-1/2"]
[WhiteElo "2335"]
[BlackElo "2137"]
[Annotator "ChessBase"]
[PlyCount "126"]
[EventDate "2018.07.08"]
[EventCountry "POL"]
[SourceTitle "playchess.com"]
[Source "ChessBase"]
[SourceQuality "1"]

1. d4 Nf6 2. Nf3 c5 3. e3 g6 4. Bd3 Bg7 5. O-O d6 6. c4 e6 7. b3 O-O 8. Bb2 Nbd7 9. Nc3 b6 10. Qe2 Bb7 11. Rfd1 Qe7 12. Rac1 Rae8 13. Bb1 Nh5 14. Be4 d5 15. cxd5 exd5 16. Bb1 f5 17. dxc5 bxc5 18. Qb5 Nb6 19. Ba3 Rc8 20. Ne2 Qd7 21. Rxc5 Qxb5 22. Rxb5 Ba6 23. Bxf8 Bxb5 24. Ned4 Bxf8 25. Nxb5 a6 26. Nbd4 Nf6 27. Bd3 a5 28. Ba6 Rc3 29. g3 Ne4 30. Kg2 a4 31. bxa4 Ra3 32. Rb1 Nxa4 33. Bb7 Nec3 34. Rc1 Nc5 35. Bc6 Nd3 36. Ra1 Nb4 37. Bd7 Rxa2 38. Rxa2 Nbxa2 39. Ng5 Be7 40. Nge6 Nb4 41. h4 Ne4 42. Nf4 Nc5 43. Nc6 Nxd7 44. Nxe7+ Kf7 45. Nexd5 Nxd5 46. Nxd5 h6 47. Kf3 Ne5+ 48. Ke2 g5 49. f4 Ng4 50. hxg5 hxg5 51. Kf3 Nh2+ 52. Kg2 Ng4 53. Kf3 Nh2+ 54. Ke2 Ng4 55. Kd3 Nf2+ 56. Kd4 Nh1 57. fxg5 Kg6 58. Ne7+ Kxg5 59. Nxf5 Kxf5 60. e4+ Ke6 61. g4 Nf2 62. g5 Nh3 63. g6 Kf6 {Ke5+ Kxe5} 1/2-1/2

[Event "XVIII Najdorf Open 2018"]
[Site "Warsaw"]
[Date "2018.07.09"]
[Round "2"]
[White "Nowak, Kamil"]
[Black "Valantiejus, Vaidotas"]
[Result "1-0"]
[WhiteElo "2330"]
[BlackElo "2116"]
[Annotator "NA"]
[PlyCount "49"]
[EventDate "2018.07.08"]
[EventCountry "POL"]
[SourceTitle "playchess.com"]
[Source "ChessBase"]
[SourceQuality "1"]

1. e4 c5 2. Nf3 d6 3. d4 cxd4 4. Nxd4 Nf6 5. Nc3 a6 6. Bg5 e6 7. f4 Qb6 8. Qd2 Qxb2 9. Rb1 Qa3 10. Be2 Qc5 11. Nb3 Qc7 12. O-O Nbd7 13. e5 dxe5 14. fxe5 Nxe5 15. Bxf6 gxf6 16. Ne4 Be7 17. Rxf6 O-O 18. Rbf1 Nd7 19. R6f3 f5 20. Qh6 Rf7 21. Rg3+ Kh8 22. Bh5 Bf8 23. Bxf7 Qxg3 24. Qxf8+ Nxf8 25. Nxg3 1-0